000 00639cam a2200229 4500
008 000000n1996 000 0 eng u
020 _a0112709176
035 _a(Sirsi) u110849
050 _a727.2
110 _aDepartment for Education and Employment
_92846
245 _aDesign and technology accommodation in secondary schools - a design guide.
260 _aLondon
_bHMSO
_c1996
300 _a77p. ; ill. 30cm.
350 _a19.95
490 _aBuilding Bulletin
_v81
650 _aSCHOOLS
650 _aDESIGN
650 _aIT
650 _aCLASSROOMS
690 _aBUILT ENVIRONMENT-CONSTRUCTION DESIGN
942 _n0
999 _c101146
_d101146